000 00441nam a2200157Ia 4500
008 220803s9999 xx 000 0 und d
020 _a978-81-8498-061-5
041 _aeng
082 _a891.46 CAN/VAK
100 _aCanfield J
_928002
245 _aChicken Soup For The Mother's Soul
260 _aPune
_bMehta Publishing House--
_c2009
300 _a252p
650 _aMarathi Literature.
_928003
700 _aCanfield J Vakil S Tr.
_928004
999 _c17806
_d17806